[Event "SVK-chT2A 1920"]
[Site "Slovakia"]
[Date "2019.10.27"]
[Round "2.7"]
[White "Bukovsky, Milan"]
[Black "Chlpek, Daniel"]
[Result "0-1"]
[WhiteElo "1869"]
[BlackElo "1992"]
[PlyCount "60"]
[EventDate "2019.10.26"]
[EventType "team-tourn"]
[EventRounds "11"]
[EventCountry "SVK"]
[SourceTitle "CBM 193 Extra"]
[Source "ChessBase"]
[SourceDate "2020.01.31"]
[SourceVersion "1"]
[SourceVersionDate "2020.01.31"]
[SourceQuality "1"]
[WhiteTeam "Trnava Sered"]
[BlackTeam "Bratislava Slovan V"]
[WhiteTeamCountry "SVK"]
[BlackTeamCountry "SVK"]

1. d4 Nf6 2. Nf3 d5 3. c4 e6 4. Bg5 Be7 5. e3 0-0 6. Nc3 a6 7. Qc2 h6 8. Bh4 dxc4 9. Bxc4 b5 10. Bd3 Bb7 11. 0-0 Nbd7 12. Rfd1 Rc8 13. Rac1 c5 14. dxc5 Rxc5 15. Qb1 Qa8 16. Be2 Nb6 17. a3 Rfc8 18. Ne1 Nc4 19. b4 R5c7 20. Bg3 Rd7 21. Rxd7 Nxd7 22. a4 Bc6 23. axb5 axb5 24. Bf3 Nd2 25. Bxc6 Qxc6 26. Qd3 Nc4 27. Nc2 Nce5 28. Nd4 Nxd3 29. Nxc6 Rxc6 30. Rc2 Bxb4 0-1

[Event "SVK-chT4 A22 1819"]
[Site "Slovakia"]
[Date "2019.01.20"]
[Round "7.5"]
[White "Mezes, Kristof"]
[Black "Bukovsky, Milan"]
[Result "1/2-1/2"]
[WhiteElo "1673"]
[BlackElo "1914"]
[PlyCount "50"]
[EventDate "2018.10.14"]
[EventType "team-tourn"]
[EventRounds "11"]
[EventCountry "SVK"]
[SourceTitle "EXT 2020"]
[Source "ChessBase"]
[SourceDate "2019.10.17"]
[SourceVersion "1"]
[SourceVersionDate "2019.10.17"]
[SourceQuality "1"]

1. d4 Nf6 2. c4 e6 3. Nc3 Bb4 4. Bg5 h6 5. Bh4 c5 6. e3 0-0 7. a3 Bxc3+ 8. bxc3 d6 9. Nf3 Nbd7 10. Be2 b6 11. 0-0 Bb7 12. Nd2 Qe7 13. Bf3 Bxf3 14. Nxf3 e5 15. Qc2 Qe6 16. d5 Qg4 17. Bxf6 Nxf6 18. Nd2 Rae8 19. f3 Qg5 20. e4 Nh5 21. Rae1 Nf4 22. g3 h5 23. Kh1 Ng6 24. Rg1 Re7 25. Ref1 Qe3 1/2-1/2

[Event "SVK-chT4 A22 1819"]
[Site "Slovakia"]
[Date "2018.12.16"]
[Round "5.6"]
[White "Meszaros, Lorant"]
[Black "Bukovsky, Milan"]
[Result "1/2-1/2"]
[WhiteElo "1936"]
[BlackElo "1924"]
[PlyCount "109"]
[EventDate "2018.10.14"]
[EventType "team-tourn"]
[EventRounds "11"]
[EventCountry "SVK"]
[SourceTitle "EXT 2020"]
[Source "ChessBase"]
[SourceDate "2019.10.17"]
[SourceVersion "1"]
[SourceVersionDate "2019.10.17"]
[SourceQuality "1"]

1. d4 Nf6 2. c4 e6 3. g3 d5 4. Bg2 dxc4 5. Nf3 Be7 6. 0-0 0-0 7. Ne5 Nbd7 8. Nxc4 c6 9. e4 b5 10. Ne3 Bb7 11. e5 Nd5 12. Nxd5 cxd5 13. Qg4 Kh8 14. f4 g6 15. Be3 Rc8 16. Qe2 Qb6 17. Rd1 b4 18. Bf1 Rc6 19. Qb5 Rfc8 20. Nd2 Qxb5 21. Bxb5 R6c7 22. Bxd7 Rxd7 23. Rac1 Rdc7 24. Nb3 Ba6 25. Nc5 Bc4 26. b3 Bb5 27. Kf2 Kg8 28. Kf3 a6 29. g4 h5 30. h3 hxg4+ 31. hxg4 Bxc5 32. Rxc5 Rxc5 33. dxc5 Kg7 34. Bd4 Rh8 35. Kg3 Rg8 36. Rc1 Bc6 37. Rh1 Rh8 38. Rxh8 Kxh8 39. f5 gxf5 40. gxf5 Kh7 41. Kg4 Kg7 42. Kg5 Bd7 43. Kf4 Bb5 44. Bf2 Kh6 45. Bh4 Bd7 46. Bd8 exf5 47. Ba5 Kg6 48. Bxb4 f6 49. Bd2 d4 50. Bc1 Kf7 51. Bb2 d3 52. Bc3 Ke6 53. exf6 d2 54. Bxd2 Kxf6 55. Be1 1/2-1/2

[Event "SVK-chT4 A22 1819"]
[Site "Slovakia"]
[Date "2018.10.14"]
[Round "1.5"]
[White "Bukovsky, Milan"]
[Black "Kosar, Mikulas"]
[Result "1/2-1/2"]
[WhiteElo "1927"]
[BlackElo "1852"]
[PlyCount "30"]
[EventDate "2018.10.14"]
[EventType "team-tourn"]
[EventRounds "11"]
[EventCountry "SVK"]
[SourceTitle "EXT 2020"]
[Source "ChessBase"]
[SourceDate "2019.10.17"]
[SourceVersion "1"]
[SourceVersionDate "2019.10.17"]
[SourceQuality "1"]

1. d4 Nf6 2. c4 d6 3. Nc3 c6 4. e4 Bg4 5. Be2 Bxe2 6. Qxe2 e5 7. Nf3 Nbd7 8. 0-0 Be7 9. b3 0-0 10. Bb2 Qc7 11. Rad1 a6 12. Ba3 c5 13. dxe5 dxe5 14. Nd5 Nxd5 15. exd5 f5 1/2-1/2

[Event "SVK-chT3A2 1617"]
[Site "Slovakia"]
[Date "2017.03.19"]
[Round "11.5"]
[White "Manak, Jozef"]
[Black "Bukovsky, Milan"]
[Result "1/2-1/2"]
[WhiteElo "1994"]
[BlackElo "1945"]
[PlyCount "28"]
[EventDate "2016.10.16"]
[EventType "team-tourn"]
[EventRounds "11"]
[EventCountry "SVK"]
[SourceTitle "EXT 2020"]
[Source "ChessBase"]
[SourceDate "2019.10.17"]
[SourceVersion "1"]
[SourceVersionDate "2019.10.17"]
[SourceQuality "1"]
[WhiteTeam "Piestany Kupele"]
[BlackTeam "Trnava Lokomotiva III"]
[WhiteTeamCountry "SVK"]
[BlackTeamCountry "SVK"]

1. d4 Nf6 2. Bf4 g6 3. Nc3 d6 4. Nf3 Bg7 5. Qd2 Bf5 6. e3 0-0 7. h3 Ne4 8. Nxe4 Bxe4 9. Bd3 Bxd3 10. Qxd3 c5 11. 0-0 Nc6 12. dxc5 dxc5 13. Qb5 Qb6 14. Qxb6 axb6 1/2-1/2

[Event "SVK-chT2A 1617"]
[Site "Slovakia"]
[Date "2017.03.12"]
[Round "11.6"]
[White "Mandak, Miroslav"]
[Black "Bukovsky, Milan"]
[Result "1-0"]
[WhiteElo "1999"]
[BlackElo "1916"]
[PlyCount "99"]
[EventDate "2016.10.08"]
[EventType "team-tourn"]
[EventRounds "11"]
[EventCountry "SVK"]
[SourceTitle "EXT 2018"]
[Source "ChessBase"]
[SourceDate "2017.10.13"]
[SourceVersion "1"]
[SourceVersionDate "2017.10.13"]
[SourceQuality "1"]
[WhiteTeam "Krasnany"]
[BlackTeam "Trnava Lokomotiva II"]
[WhiteTeamCountry "SVK"]
[BlackTeamCountry "SVK"]

1. e4 e5 2. Nf3 Nc6 3. Bb5 a6 4. Ba4 Nf6 5. Qe2 d6 6. h3 Be7 7. c3 b5 8. Bb3 0-0 9. 0-0 Na5 10. Bc2 c5 11. d4 Qc7 12. Bg5 Nc4 13. b3 Nb6 14. d5 c4 15. Rc1 Ne8 16. Bxe7 Qxe7 17. Nbd2 cxb3 18. axb3 f5 19. c4 bxc4 20. Nxc4 Nxc4 21. bxc4 f4 22. Ba4 g5 23. c5 dxc5 24. Bxe8 Rxe8 25. Qc4 g4 26. hxg4 Bxg4 27. d6+ Qe6 28. Nxe5 Qxc4 29. Nxc4 f3 30. e5 fxg2 31. Ne3 Bd7 32. Rxc5 Kf7 33. Kxg2 Rac8 34. Rxc8 Bxc8 35. f4 Ke6 36. Ra5 Rg8+ 37. Kf2 h5 38. f5+ Kd7 39. Nd5 Kd8 40. Ne7 Rf8 41. Ke3 Bxf5 42. Nxf5 Rxf5 43. Ke4 Rf1 44. Rxa6 Kd7 45. Ra7+ Kd8 46. Kd5 Rd1+ 47. Ke6 Kc8 48. Rh7 h4 49. Rxh4 Rd2 50. Ke7 1-0

[Event "SVK-chT3A2 1617"]
[Site "Slovakia"]
[Date "2017.02.19"]
[Round "9.6"]
[White "Bukovsky, Milan"]
[Black "Brunovsky, Peter"]
[Result "1-0"]
[WhiteElo "1945"]
[BlackElo "1808"]
[PlyCount "81"]
[EventDate "2016.10.16"]
[EventType "team-tourn"]
[EventRounds "11"]
[EventCountry "SVK"]
[SourceTitle "EXT 2020"]
[Source "ChessBase"]
[SourceDate "2019.10.17"]
[SourceVersion "1"]
[SourceVersionDate "2019.10.17"]
[SourceQuality "1"]
[WhiteTeam "Trnava Lokomotiva III"]
[BlackTeam "Gbely Nafta"]
[WhiteTeamCountry "SVK"]
[BlackTeamCountry "SVK"]

1. d4 Nf6 2. c4 g6 3. Nc3 Bg7 4. e4 d6 5. Be2 0-0 6. Bg5 Na6 7. Nf3 c5 8. d5 Nc7 9. 0-0 Bd7 10. Qd2 Ng4 11. h3 Ne5 12. Nh4 f6 13. Bh6 Nf7 14. Bxg7 Kxg7 15. f4 a6 16. a4 Rb8 17. Nf3 b5 18. axb5 axb5 19. b3 bxc4 20. bxc4 Ra8 21. e5 dxe5 22. fxe5 Rxa1 23. Rxa1 Nxe5 24. Nxe5 fxe5 25. Qe3 Kg8 26. Qxe5 Ne8 27. Ne4 Rf5 28. Qg3 Nf6 29. Nxc5 Qb6 30. Qe3 Ne4 31. Qxe4 Qxc5+ 32. Kh1 Rf6 33. Ra8+ Kf7 34. Qh4 Kg7 35. Qg3 Qd6 36. Qc3 Qc5 37. Qe5 Qd6 38. Qe3 Rf5 39. Ra7 Re5 40. Qd4 Kf8 41. Rxd7 1-0

[Event "SVK-chT3A2 1617"]
[Site "Slovakia"]
[Date "2016.12.11"]
[Round "5.5"]
[White "Rachela, Jozef"]
[Black "Bukovsky, Milan"]
[Result "1-0"]
[WhiteElo "2016"]
[BlackElo "1945"]
[PlyCount "120"]
[EventDate "2016.10.16"]
[EventType "team-tourn"]
[EventRounds "11"]
[EventCountry "SVK"]
[SourceTitle "EXT 2020"]
[Source "ChessBase"]
[SourceDate "2019.10.17"]
[SourceVersion "1"]
[SourceVersionDate "2019.10.17"]
[SourceQuality "1"]
[WhiteTeam "Dunajska Streda II"]
[BlackTeam "Trnava Lokomotiva III"]
[WhiteTeamCountry "SVK"]
[BlackTeamCountry "SVK"]

1. e4 e5 2. Nf3 Nc6 3. Bb5 a6 4. Ba4 Nf6 5. 0-0 Be7 6. Re1 b5 7. Bb3 0-0 8. h3 d6 9. c3 Na5 10. Bc2 c5 11. d4 Qc7 12. d5 h6 13. Nbd2 Nh7 14. Nf1 f5 15. exf5 Bxf5 16. Ng3 Bxc2 17. Qxc2 Qd7 18. b3 c4 19. Be3 Rac8 20. b4 Nb7 21. a3 Kh8 22. Rad1 Rf6 23. Nh4 Rcf8 24. Ng6+ Rxg6 25. Qxg6 Rf6 26. Qh5 Nd8 27. Ne4 Rf8 28. Qg6 Qf5 29. Qxf5 Rxf5 30. Ra1 Rf8 31. a4 Nf6 32. Nxf6 Bxf6 33. axb5 axb5 34. Ra5 Nf7 35. Rxb5 Ng5 36. f3 Nf7 37. Ra5 Kh7 38. Bd2 Rb8 39. Re4 Rc8 40. Ra6 Kg6 41. Kf2 Rc7 42. Rc6 Rb7 43. Ra6 Rc7 44. Re1 Rb7 45. Rea1 Bd8 46. Be3 Rb5 47. Rd1 Rb8 48. Rc6 Ra8 49. Rxc4 Ra2+ 50. Rd2 Ra3 51. Rc6 Rb3 52. Rc2 Kf5 53. Ra6 g5 54. Ra7 Kg6 55. Ke2 Bf6 56. Kd3 h5 57. Ra1 e4+ 58. Kc4 Bxc3 59. Rxc3 Rb2 60. fxe4 Ne5+ 1-0

[Event "SVK-chT3A2 1617"]
[Site "Slovakia"]
[Date "2016.11.13"]
[Round "3.4"]
[White "Bukovsky, Milan"]
[Black "Markuliak, Mario"]
[Result "0-1"]
[WhiteElo "1945"]
[BlackElo "1875"]
[PlyCount "98"]
[EventDate "2016.10.16"]
[EventType "team-tourn"]
[EventRounds "11"]
[EventCountry "SVK"]
[SourceTitle "EXT 2020"]
[Source "ChessBase"]
[SourceDate "2019.10.17"]
[SourceVersion "1"]
[SourceVersionDate "2019.10.17"]
[SourceQuality "1"]
[WhiteTeam "Trnava Lokomotiva III"]
[BlackTeam "Cifer"]
[WhiteTeamCountry "SVK"]
[BlackTeamCountry "SVK"]

1. d4 d6 2. c4 e5 3. Nf3 Nd7 4. Nc3 Be7 5. e3 Ngf6 6. Bd3 c6 7. dxe5 dxe5 8. 0-0 0-0 9. Qc2 Qc7 10. b3 Nc5 11. Bf5 a5 12. Ng5 h6 13. Bxc8 Raxc8 14. Nge4 Rfd8 15. Nxc5 Bxc5 16. Bb2 Rd7 17. Rad1 Rcd8 18. Rxd7 Rxd7 19. Rd1 e4 20. Rxd7 Qxd7 21. Qd1 Qxd1+ 22. Nxd1 Nd7 23. Nc3 f5 24. Na4 Bd6 25. Bd4 Bc7 26. h3 Kf7 27. Kf1 g6 28. Ke2 Ke6 29. Kd2 Bd6 30. Kc2 g5 31. Kb2 f4 32. exf4 gxf4 33. Kc2 Be5 34. Bxe5 Kxe5 35. Kd2 Kd4 36. g4 Ne5 37. Nb2 Nf3+ 38. Kd1 b5 39. cxb5 cxb5 40. Kc1 Kc3 41. Nd1+ Kd3 42. Nb2+ Ke2 43. Nd1 b4 44. Kc2 Ne1+ 45. Kc1 Nd3+ 46. Kc2 Nxf2 47. Nc3+ bxc3 48. a4 Nd3 49. h4 f3 0-1

[Event "SVK-chT3A2 1516"]
[Site "Slovakia"]
[Date "2016.03.06"]
[Round "9.3"]
[White "Manak, Jozef"]
[Black "Bukovsky, Milan"]
[Result "1-0"]
[WhiteElo "1960"]
[BlackElo "1956"]
[PlyCount "85"]
[EventDate "2015.10.11"]
[EventType "team-tourn"]
[EventRounds "11"]
[EventCountry "SVK"]
[SourceTitle "EXT 2020"]
[Source "ChessBase"]
[SourceDate "2019.10.17"]
[SourceVersion "1"]
[SourceVersionDate "2019.10.17"]
[SourceQuality "1"]
[WhiteTeam "Piestany Kupele"]
[BlackTeam "Trnava Lokomotiva III"]
[WhiteTeamCountry "SVK"]
[BlackTeamCountry "SVK"]

1. d4 Nf6 2. Bf4 e6 3. e3 c5 4. Nd2 Nc6 5. c3 d5 6. Ngf3 Bd6 7. Ne5 cxd4 8. exd4 Qc7 9. Bb5 0-0 10. Qe2 Bd7 11. Bd3 Ne7 12. Bg5 Ng6 13. Ndf3 Ne8 14. Nxg6 hxg6 15. h4 Nf6 16. Ne5 Bxe5 17. dxe5 Ne4 18. Bxe4 dxe4 19. Be7 Bb5 20. Qxb5 Qxe7 21. 0-0-0 Rfd8 22. g3 Rac8 23. Qe2 Rd5 24. Qxe4 Qc5 25. f4 b5 26. Kb1 Rcd8 27. Rxd5 Rxd5 28. Qe2 Qc4 29. Qxc4 bxc4 30. Kc2 Rd3 31. Rg1 Kf8 32. b3 Ke7 33. bxc4 Rd7 34. Rd1 Rc7 35. Kb3 Rb7+ 36. Ka4 Rc7 37. Rd4 Ke8 38. Kb5 Ke7 39. c5 Rb7+ 40. Kc4 Rc7 41. Rd6 Ke8 42. c6 Rc8 43. Kc5 1-0

[Event "SVK-chT3A2 1516"]
[Site "Slovakia"]
[Date "2015.10.11"]
[Round "1.6"]
[White "Bukovsky, Milan"]
[Black "Palka, Miroslav"]
[Result "1/2-1/2"]
[WhiteElo "1956"]
[BlackElo "1900"]
[PlyCount "43"]
[EventDate "2015.10.11"]
[EventType "team-tourn"]
[EventRounds "11"]
[EventCountry "SVK"]
[SourceTitle "EXT 2020"]
[Source "ChessBase"]
[SourceDate "2019.10.17"]
[SourceVersion "1"]
[SourceVersionDate "2019.10.17"]
[SourceQuality "1"]
[WhiteTeam "Trnava Lokomotiva III"]
[BlackTeam "Senica SK"]
[WhiteTeamCountry "SVK"]
[BlackTeamCountry "SVK"]

1. d4 d5 2. c4 Nf6 3. Nc3 e6 4. Bg5 Nbd7 5. cxd5 exd5 6. e3 c6 7. Nf3 g6 8. Bd3 Bg7 9. Qc2 Qa5 10. 0-0 0-0 11. Rab1 c5 12. dxc5 Qxc5 13. Rbc1 Nb6 14. Qb3 Be6 15. Na4 Qa5 16. Nc5 Nbd7 17. Nxe6 fxe6 18. Nd4 Rfe8 19. Qxb7 Rab8 20. Nc6 Rxb7 21. Nxa5 Rxb2 22. Rc2 1/2-1/2

[Event "SVK-chT3A2 1415"]
[Site "Slovakia"]
[Date "2015.02.22"]
[Round "9.3"]
[White "Racik, Marek"]
[Black "Bukovsky, Milan"]
[Result "1/2-1/2"]
[WhiteElo "1903"]
[BlackElo "1922"]
[PlyCount "120"]
[EventDate "2014.10.19"]
[EventType "team-tourn"]
[EventRounds "11"]
[EventCountry "SVK"]
[SourceTitle "EXT 2019"]
[Source "ChessBase"]
[SourceDate "2018.10.10"]
[SourceVersion "1"]
[SourceVersionDate "2018.10.10"]
[SourceQuality "1"]

1. Nf3 Nf6 2. c4 e6 3. g3 b6 4. Bg2 Bb7 5. 0-0 Be7 6. Nc3 0-0 7. d4 Ne4 8. d5 Nxc3 9. bxc3 Bf6 10. Qd3 exd5 11. cxd5 Ba6 12. Qc2 Re8 13. Re1 d6 14. Bb2 Nd7 15. Rac1 Nc5 16. c4 Bxb2 17. Qxb2 Bc8 18. Nd4 Qf6 19. e4 Nd3 20. Qd2 Nxc1 21. Rxc1 Bd7 22. f4 Rac8 23. Rf1 Qh6 24. Qf2 a6 25. e5 Kh8 26. Re1 Re7 27. e6 Be8 28. Nf5 Qf6 29. Nxe7 Qxe7 30. exf7 Qxf7 31. Bh3 Bd7 32. Bxd7 Qxd7 33. Qe3 Kg8 34. Kg2 Kf7 35. Qd3 Kg8 36. f5 c6 37. Qe4 cxd5 38. Qxd5+ Kf8 39. Re6 Qc6 40. Rxd6 Qxd5+ 41. cxd5 Ke7 42. Rxb6 Rc2+ 43. Kf3 Rxa2 44. Kg4 Rxh2 45. Rxa6 Rd2 46. Re6+ Kf7 47. d6 g6 48. Kg5 gxf5 49. Re7+ Kf8 50. Rxh7 Rxd6 51. Kxf5 Ra6 52. g4 Ra5+ 53. Kf6 Ra6+ 54. Kg5 Kg8 55. Rd7 Ra5+ 56. Kh4 Rb5 57. g5 Ra5 58. Kh5 Ra6 59. g6 Ra1 60. Rd5 Kg7 1/2-1/2

[Event "SVK-chT3A2 1314"]
[Site "Slovakia"]
[Date "2013.12.01"]
[Round "4.4"]
[White "Bukovsky, Milan"]
[Black "Brunovsky, Peter"]
[Result "1-0"]
[WhiteElo "1930"]
[BlackElo "1829"]
[PlyCount "125"]
[EventDate "2013.10.13"]
[EventType "team-tourn"]
[EventRounds "11"]
[EventCountry "SVK"]
[SourceTitle "EXT 2015"]
[Source "ChessBase"]
[SourceDate "2014.11.20"]
[SourceVersion "1"]
[SourceVersionDate "2014.11.20"]
[SourceQuality "1"]
[WhiteTeam "Trnava Lokomotiva III"]
[BlackTeam "Gbely Nafta"]
[WhiteTeamCountry "SVK"]
[BlackTeamCountry "SVK"]

1. d4 Nf6 2. c4 c5 3. d5 b5 4. cxb5 a6 5. b6 g6 6. Nc3 Bg7 7. e4 d6 8. Nf3 0-0 9. Qb3 Bb7 10. Be2 Nbd7 11. 0-0 Qxb6 12. Qc2 Rab8 13. Rb1 Rfc8 14. Nd2 Qc7 15. Nc4 Nb6 16. Nxb6 Qxb6 17. Be3 Qc7 18. b3 Nd7 19. Na4 a5 20. Qd2 Ra8 21. f4 Nb6 22. Nxb6 Qxb6 23. f5 Qb4 24. fxg6 hxg6 25. Bc4 Qxd2 26. Bxd2 Bd4+ 27. Kh1 Kg7 28. Rf3 Rh8 29. h3 Bc8 30. Bc3 Bxc3 31. Rxc3 Bd7 32. Rf1 Rab8 33. Rcf3 f6 34. Kh2 Bb5 35. Bxb5 Rxb5 36. Rc3 Rb4 37. Re1 Rhb8 38. Kg3 a4 39. Ree3 axb3 40. Rxb3 Rxb3 41. axb3 Ra8 42. Kg4 Rb8 43. Kf4 Rb4 44. g4 Kf7 45. h4 e6 46. dxe6+ Kxe6 47. h5 gxh5 48. gxh5 d5 49. h6 Kf7 50. Kf5 Rxe4 51. Rxe4 dxe4 52. Kxe4 Kg6 53. Kd5 Kxh6 54. Kxc5 f5 55. b4 f4 56. Kd4 Kg5 57. b5 Kg4 58. b6 f3 59. Ke3 Kg3 60. b7 Kg2 61. b8Q f2 62. Qg8+ Kf1 63. Qf7 1-0

[Event "SVK-chT3A2 1213"]
[Site "Slovakia"]
[Date "2012.11.18"]
[Round "4.3"]
[White "Bukovsky, Milan"]
[Black "Slaby, Jozef"]
[Result "1/2-1/2"]
[WhiteElo "1956"]
[BlackElo "1890"]
[PlyCount "68"]
[EventDate "2012.10.07"]
[EventType "team-tourn"]
[EventRounds "11"]
[EventCountry "SVK"]
[SourceTitle "EXT 2015"]
[Source "ChessBase"]
[SourceDate "2014.11.20"]
[SourceVersion "1"]
[SourceVersionDate "2014.11.20"]
[SourceQuality "1"]
[WhiteTeam "Trnava Lokomotiva Solartec III"]
[BlackTeam "Piestany Kupele II"]
[WhiteTeamCountry "SVK"]
[BlackTeamCountry "SVK"]

1. c4 Nf6 2. Nc3 e6 3. d4 d5 4. Bg5 Be7 5. cxd5 exd5 6. e3 c6 7. Qc2 Nbd7 8. Nf3 h6 9. Bh4 Nb6 10. Bd3 Be6 11. 0-0 0-0 12. Rae1 Re8 13. Ne5 Nfd7 14. Bxe7 Qxe7 15. f4 Nf6 16. h3 c5 17. f5 Bd7 18. Qe2 Qd6 19. Nxd7 Nbxd7 20. Nb5 Qb6 21. dxc5 Nxc5 22. Bb1 Rad8 23. Nd4 Nce4 24. Bxe4 Rxe4 25. Qc2 Rde8 26. Qf2 a6 27. b3 Qd6 28. Re2 Nh5 29. Rfe1 Qe7 30. Qf3 Qg5 31. Kh2 Nf6 32. Qg3 Qxg3+ 33. Kxg3 Nd7 34. Nf3 Nf6 1/2-1/2

[Event "Trnava Reti Memorial op"]
[Site "Trnava"]
[Date "2011.09.01"]
[Round "6"]
[White "Bukovsky, Milan"]
[Black "Puskar, Peter"]
[Result "1-0"]
[WhiteElo "1984"]
[BlackElo "1844"]
[PlyCount "45"]
[EventDate "2011.08.29"]
[EventType "swiss"]
[EventRounds "9"]
[EventCountry "SVK"]
[SourceTitle "CBM 144 Extra"]
[Source "ChessBase"]
[SourceDate "2011.10.28"]
[SourceVersion "1"]
[SourceVersionDate "2011.10.28"]
[SourceQuality "1"]

1. c4 Nf6 2. Nc3 g6 3. e4 d6 4. d4 Bg7 5. Be2 0-0 6. Bg5 Nbd7 7. Nf3 a6 8. 0-0 Qe8 9. e5 Nh5 10. Nd5 f6 11. Nxc7 Qd8 12. Ne6 Qe8 13. Nxf8 Bxf8 14. Be3 Ng7 15. exd6 exd6 16. Re1 Qf7 17. Bd3 Rb8 18. Rc1 b5 19. b3 bxc4 20. Bxc4 d5 21. Bd3 Ne6 22. Qe2 a5 23. Bd2 1-0